Quizzes
Events
Quiz Creation
Community
Videos
Private Events
Remove Ads
Sign In
Join for FREE
Feedback
Dark Mode
Quiz Categories
Sports
Geography
Music
Movies
Television
Just For Fun
Miscellaneous
History
Literature
Language
Science
Gaming
Entertainment
Religion
Holiday
For Kids
Quiz Lab
Recent
Popular Today
Quiz Kudos Today
Editor Picks
Curator Picks
Quizzes by...
Day
Popularity
Type
Ratings
Length
Year
Community
Subscriptions
Recent Discussions
Orange Saloon
Badges
Playlists
Quests
Create
Leaderboards
Showdown
Live 5
Trivia Bingo
Activity
Puzzle Library
Sporcle Events
Private Events
Virtual Trivia
Globe League
Become a Host
Pub Owners
SporcleCon
Opinionation
Our Games
Videos
Blog
Mobile Apps
Partnerships
Remove Ads and Go Orange
Feedback
Entertainment
Celebrity
Famous
Musical
Broadway
Show
Quote
Comic Books
Anime
Superhero
DC Comics
Marvel
Cartoons
Animation
Entertainment
Celebrity
Famous
Musical
Broadway
Show
Quote
Comic Books
Anime
Superhero
DC Comics
Marvel
Cartoons
Animation
Random Quiz
Search Sporcle
×
Quiz Lab
Quiz Lab
Entertainment
Lyrics
Type in answers that appear in a list
Type in answers that appear in a list
Classic
Best Score? Go Orange.
Discover the Disney song! 4 Stats
Can you name the Discover the Disney song 4?
By
Rawaria
15m
195 Questions
169 Plays
169 Plays
169 Plays
Comments
Comments
Give Quiz Kudos
Give Quiz Kudos
-
- Ratings
hide this ad
Replay
Link that replays current quiz
Next Quiz
Link to next quiz in quiz playlist
You Got
0%
They Got
Avg Score
50%
Avg Friend Score
Upgrade to see
Score Distribution
Jump to the score distribution portion of the page
Score
0/195
Timer
15:00
0
Plays Today
% Correct
the
94.1%
the
94.1%
the
94.1%
the
94.1%
the
94.1%
the
94.1%
and
83.4%
and
83.4%
and
83.4%
and
83.4%
and
83.4%
And
83.4%
and
83.4%
And
83.4%
and
83.4%
and
83.4%
and
83.4%
and
83.4%
and
83.4%
And
83.4%
And
83.4%
and
83.4%
and
83.4%
and
83.4%
And
83.4%
and
83.4%
and
83.4%
and
83.4%
And
83.4%
to
81.7%
to
81.7%
it
77.5%
in
76.9%
is
75.1%
me
73.4%
on
72.2%
on
72.2%
do
71.6%
do
71.6%
when
69.2%
when
69.2%
I
68%
so
67.5%
my
67.5%
my
67.5%
my
67.5%
my
67.5%
my
67.5%
of
65.7%
if
65.7%
go
65.7%
there
65.1%
will
64.5%
will
64.5%
will
64.5%
where
62.7%
I'm
62.1%
I'm
62.1%
What
61.5%
it's
59.8%
it's
59.8%
they
59.8%
they
59.8%
a
58%
a
58%
% Correct
a
58%
a
58%
a
58%
that
58%
AM
55.6%
then
55.6%
Then
55.6%
Then
55.6%
then
55.6%
like
55%
like
55%
like
55%
all
53.8%
I'll
53.3%
I'll
53.3%
I'll
53.3%
I'll
53.3%
I'll
53.3%
I'll
53.3%
I'll
53.3%
I'll
53.3%
just
51.5%
Just
51.5%
just
51.5%
life
49.7%
life
49.7%
up
49.1%
or
49.1%
or
49.1%
have
49.1%
let
49.1%
begin?
47.3%
begin?
47.3%
Now
47.3%
two
45.6%
out
43.8%
night
43.2%
some
42.6%
more
42.6%
I've
42.6%
three
42%
time
42%
read
41.4%
read
41.4%
there's
41.4%
been
41.4%
wonder
40.8%
morning
40.2%
book
40.2%
maybe
39.6%
maybe
39.6%
paint
39.6%
birthday
39.1%
by
38.5%
brush
38.5%
brush
38.5%
brush
38.5%
brush
38.5%
clean
37.9%
hair
37.9%
lights
37.9%
new
37.3%
always
36.1%
wonderin'
35.5%
wonderin'
35.5%
% Correct
wonderin'
35.5%
wonderin'
35.5%
year
35.5%
usual
34.9%
each
34.9%
mother
34.9%
Start
34.3%
sweep
34.3%
floor's
34.3%
Sweep
34.3%
7
33.7%
lineup
33.7%
walls
33.7%
cook
33.1%
somewhere
33.1%
keep
33.1%
'til
32.5%
add
32.5%
sure
32.5%
room
32.5%
again
32%
gallery
32%
play
32%
books
32%
mop
31.4%
chess
31.4%
take
31.4%
dress
31.4%
spare
31.4%
shine
30.8%
Sew
30.8%
place
30.8%
appear
30.8%
might
30.8%
chores
30.2%
7:15
30.2%
few
30.2%
paintings
30.2%
baking
30.2%
same
30.2%
tomorrow
30.2%
older
30.2%
after
29.6%
ballet
29.6%
making
29.6%
candle
28.4%
guitar
27.8%
glow?
27.8%
lunch
27.2%
Polish
26.6%
bit
26.6%
Stuck
26.6%
sketch
26%
Pottery
25.4%
Paper
24.9%
mache
24.9%
stretch
24.9%
laundry
24.3%
darts
24.3%
knit
23.7%
puzzles
23.7%
basically
23.1%
climb
23.1%
wax
22.5%
ventriloquy
20.7%
Quiz Playlist
Details
Report
Send in Message
Add To Playlist
Classic:
Type in answers that appear in a list
Last Updated: Feb 16, 2017
Quiz Scoreboard
CHALLENGE
Sign Up to Join the Scoreboard
Show All
Scores
Hide
Comments
May contain spoilers
Recently Published
Alphabetical 'K' Countries by Flag Minefield
by ylime102
Geography
3m
Pick 6: Fruits
by JohnFran
Miscellaneous
15s
Click the 1999 NBA Draft
by nibperrychub
Sports
2m
More to Explore
Quiz From the Vault
Featured Blog Post
15 Basketball Trivia Facts You Can Be March Mad About
hide this ad
You Might Also Like...
Tags
Disney Quiz
Lyrics Quiz
Song Quiz
Disney Films
soundtrack
Soundtrack Lyrics
Today's Top Quizzes in Entertainment
Browse Entertainment
hide this ad
Today's Top Quizzes in Lyrics
Browse Lyrics
Top Contributed Quizzes in Entertainment
1
Stray Kids members (picture click)
2
Marvel, Role-Playing, Shakespeare, and Cats, Oh My!
3
BFDI Characters Mentioned in Episode Titles
4
Thanos Snap Logic Puzzle
5
Comic Character by Cover Artist Pt 490 (Billy Tan)
6
Marvel Picture Find: Capcom
7
Comic Character by Cover Artist Pt 491 (Billy Tan)
8
Double Word Hourglass: Comic Book Publishers
9
JoJo's Bizarre Logic Quiz
10
Spider-Man Actors by Order
Explore More
Trending Topics
Kpop
Disney
Crossword
NBA
Marvel
Harry Potter
Anime
Song
WWE
Pokémon
The Office
Puzzle
NFL
Country
Soccer
hide this ad
More By:
Rawaria
Quiz
Plays
Rating
Category
Featured
Created
Discover the Disney song! 4
169
5.00
Entertainment
Apr 8, 2012
Discover the Disney song! 3
155
5.00
Entertainment
Apr 8, 2012
Discover the Disney song!
126
5.00
Entertainment
Apr 3, 2012
Discover the Disney song! 2
113
3.00
Entertainment
Apr 4, 2012
Go to Creator's Profile
Score Distribution
Quiz Creator Spotlight
Rawaria
Follow
Send a Message
Quizzes Created
-
Created Quiz Play Count
-
More By This Creator
Popular Quizzes Today
1
Find the US States - No Outlines Minefield
2
Countries of Asia Without Outlines Minefield
3
Pick 6: Fruits
4
Alphabetical 'K' Countries by Flag Minefield
5
The Countries of the World
6
Click the 1999 NBA Draft
7
Find the US States
8
Match the Book to the Film X
More Entertainment Quizzes
Swapped Cartoon Colors?
Published
Trending Quizzes
Pick 6: Harry Potter
Pick 6: Mountains
Pick 6: NFL Teams
Pick 6: Golfers
Pick 6: Movie Franchises
Recently Updated
Women's Final Four Teams by Year
bhenderson79
Presidents Quartet II
eogle
Anything But Clue(do)
eogle
Anything But Oceanian Capitals
eogle
Anything But 7
eogle
Anything But Thing
eogle
Word Ladder: February 29
pecheneg
Song Title Questions
pecheneg
Women's NCAA Tournament #1 Seeds
pecheneg
Celebrity Mug Shots
pecheneg
Trending Topics
Kpop
Crossword
NBA
Harry Potter
Disney
Anime
Marvel
Puzzle
Pokémon
Country
Soccer
The Office
Song
WWE
NFL
Your Account Isn't Verified!
In order to create a playlist on Sporcle, you need to verify the email address you used during registration. Go to your
Sporcle Settings
to finish the process.
Report this User
Report this user for behavior that violates our
Community Guidelines
.
Details:
Send Report
Go to the Sporcle.com Mobile Site →
Comments